UM Logo

Preservice Physical Education Teacher Preparation for Health-Related Fitness Testing : (Record no. 24337)

MARC details
000 -LEADER
fixed length control field 01053nam a22002417a 4500
003 - CONTROL NUMBER IDENTIFIER
control field OSt
005 - DATE AND TIME OF LATEST TRANSACTION
control field 20260216154019.0
008 - FIXED-LENGTH DATA ELEMENTS--GENERAL INFORMATION
fixed length control field 260216b |||||||| |||| 00| 0 eng d
040 ## - CATALOGING SOURCE
Transcribing agency 0
082 ## - DEWEY DECIMAL CLASSIFICATION NUMBER
Classification number DPer 796.07 J826 January-October 2023 v. 42 n. 1-4
100 ## - MAIN ENTRY--PERSONAL NAME
Personal name Liu, Xiaolu
Relator term author.
9 (RLIN) 69769
245 ## - TITLE STATEMENT
Title Preservice Physical Education Teacher Preparation for Health-Related Fitness Testing :
Remainder of title A Faculty Perspective
Statement of responsibility, etc. Xiaolu Liu, Xiaofen D. Hamilton, Rulan Shanggauan, Jingwen Liu, Sarah J. Wall and Richard Guerra
260 ## - PUBLICATION, DISTRIBUTION, ETC. (IMPRINT)
Place of publication, distribution, etc. Champaign, IL ;
Name of publisher, distributor, etc. Human Kinetics, Inc. ,
Date of publication, distribution, etc. July 2023.
300 ## - PHYSICAL DESCRIPTION
Extent Volume 42, pages 471-479 :
Other physical details illustration ;
Dimensions 29 cm.
500 ## - GENERAL NOTE
General note Journal of Teaching in Physical Education, vol. 42 no. 3, pages 471-479, July 2023.
700 ## - ADDED ENTRY--PERSONAL NAME
Personal name Liu, Xiaolu
Relator term author.
9 (RLIN) 69769
700 ## - ADDED ENTRY--PERSONAL NAME
Personal name Hamilton, Xaiofen D.
Relator term author.
9 (RLIN) 69770
700 ## - ADDED ENTRY--PERSONAL NAME
Personal name Shangguan, Rulan
Relator term author.
9 (RLIN) 69771
700 ## - ADDED ENTRY--PERSONAL NAME
Personal name Liu, Jingwen
Relator term author.
9 (RLIN) 69772
700 ## - ADDED ENTRY--PERSONAL NAME
Personal name Wall, Sarah J.
Relator term author.
9 (RLIN) 69773
700 ## - ADDED ENTRY--PERSONAL NAME
Personal name Guerra, Richard
Relator term author.
9 (RLIN) 69774
942 ## - ADDED ENTRY ELEMENTS (KOHA)
Source of classification or shelving scheme Dewey Decimal Classification
Koha item type Periodicals
Holdings
Withdrawn status Lost status Source of classification or shelving scheme Damaged status Not for loan Collection code Home library Current library Date acquired Total Checkouts Full call number Date last seen Price effective from Koha item type Public note
    Dewey Decimal Classification     Periodicals UM Digos College - LIC UM Digos College - LIC 02/16/2026   DPer 796.07 J826 January-October 2023 v. 42 n. 1-4 02/16/2026   Periodicals Periodical Article